| 000 | 00849cam a2200253 a 4500 | ||
|---|---|---|---|
| 001 | 16832056 | ||
| 005 | 20180112074428.0 | ||
| 008 | 110617r20091990nyuab b 001 0 eng | ||
| 010 | _a 2011381165 | ||
| 020 | _a9780394562858 | ||
| 040 |
_aDLC _cDLC |
||
| 041 | _aeng | ||
| 042 | _apcc | ||
| 043 | _an-us--- | ||
| 080 | _a973.70222 GEO | ||
| 082 | 0 | 0 |
_a973.70222 GEO _223 |
| 100 | 1 | _a16 | |
| 101 | _aHIS | ||
| 245 | 1 | 4 |
_aThe Civil War : _cnarrative by Geoffrey C. Ward ; based on a documentary filmscript by Geoffrey C. Ward, Ric Burns, and Ken Burns ; with contributions by Don E. Fehrenbacher ... [et al.]. |
| 504 | _aIncludes bibliographical references (p. 419) and index. | ||
| 906 |
_a7 _bcbc _corignew _d1 _encip _f20 _gy-gencatlg |
||
| 942 |
_2ddc _cBK |
||
| 999 |
_c40216 _d40216 |
||